000 00723cam a22002292 4500
001 0000006099
005 20151217152012.0
008 070913s xx 000 0 eng d
020 _a0070620040 :
_cKES 2,450
040 _aKABU
_cKABU
100 1 _aHartman, Laura P.
_@0000157484
245 1 0 _aPerspectives in business ethics /
_cLaura P. Hartman, Abha Chatterjee.
250 _a3rd ed.
260 _aNew Delhi :
_bTata McGraw-Hill,
_c2005.
300 _axii, 483 p.
650 0 _aBusiness ethics.
_@0000149180
700 1 _aChatterjee, Abha.
_@0000157485
908 _a070913
950 _@1
999 _c7192
_d7192